000 00437nam a2200181Ia 4500
001 2626
005 20260306144821.0
008 260306t2013||||xx |||||||||||||| ||spa||
041 _aESP
082 _a618.92
_bK62 V. 1 S. 1-17
100 _aKliegman, Robert M.
_eAUT
245 0 _aTratado de pediatría
260 _c2013
300 _alxiii, 1294 páginas :
_c28 cm.
650 _aGEN
654 _aCPS
942 _cLIB
_dJUS
_fJUS
_2ddc
_n
999 _c2626
_d2626